Most popular Michael Jackson songs on Youtube - Statistics

General Stats
  • This quiz has been taken 432 times
  • The average score is 6 of 10
Answer Stats
Hint Answer % Correct
1. Thriller
94%
3. Billie Jean
93%
4. Beat it
89%
8. Bad
84%
7. Black or white
63%
6. The way you make me feel
57%
2. They don't care about us
54%
5. Remember the time
53%
10. Earth song
51%
9. Love never felt so good
10%
No matching quizzes found
Score Distribution
Percent of People with Each Score
Percentile by Number Answered
Your Score History
You have not taken this quiz